Musings on Covid Pandemic and Beyond/ (Record no. 186056)

MARC details
000 -LEADER
fixed length control field 00523nam a22001817a 4500
005 - DATE AND TIME OF LATEST TRANSACTION
control field 20220214120322.0
010 ## - LCCN (DPL NO)
LC control number ENG-131570
020 ## - INTERNATIONAL STANDARD BOOK NUMBER
International Standard Book Number 9789390891467
Terms of availability 295.00
035 ## - SYSTEM CONTROL NUMBER
System control number EN-115102
037 ## - SOURCE OF ACQUISITION
Source of stock number/acquisition DBAD
082 ## - DEWEY DECIMAL CLASSIFICATION NUMBER
Classification number 362.1962414
100 ## - MAIN ENTRY--PERSONAL NAME
Personal name Dominic, K.V.
245 ## - TITLE STATEMENT
Title Musings on Covid Pandemic and Beyond/
Statement of responsibility, etc K.V. Dominic
260 ## - PUBLICATION, DISTRIBUTION, ETC. (IMPRINT)
Place of publication, distribution, etc New Delhi
Name of publisher, distributor, etc Autorspress
Date of publication, distribution, etc 2021
270 ## - ADDRESS
Address Q-2A, Hauz Khas Enclave
City New Delhi
Postal code 110016
300 ## - PHYSICAL DESCRIPTION
Extent 86p.
Dimensions 21cm(pbk)
942 ## - ADDED ENTRY ELEMENTS (KOHA)
Source of classification or shelving scheme Dewey Decimal Classification
Item type English Books
Classification part 362.1962414
Call number suffix DOM
Holdings
Withdrawn status Lost status Not for loan Collection code Home library Current library Date acquired Source of acquisition Cost, normal purchase price Full call number Barcode Copy number Cost, replacement price Koha item type
      Non-fiction Bawana Bawana 14/02/2022 DBAD/PUB 295.00 362.1962414 DOM EN-115102 1 295.00 English Books

© Delhi Public Library
Hit Counter
free hit counter